LEADER 01406nam0 22002891i 450 001 UON00084336 005 20231205102441.315 100 $a20020107d1918 |0itac50 ba 101 $aita 102 $aIT 105 $a|||| ||||| 200 1 $aTesti somali. I. Canti e proverbi somali nel dialetto degli Habar Auwàl. II. Testi di diritto consuetudinario dei Somali Marrehan$fEnrico Cerulli 205 $aRoma : Casa Editrice Italiana$b1918 210 $aP. 797-896$a25 cm 215 $aEstratto dalla Rivista degli Studi Orientali, volume 7 423 1$1001UON00362652$12001 $aˆI. ‰Canti e proberbi somali nel dialetto degli Habar Auwàl. II. Testi di dirit to consuetudinario dei Somali Marrehan 606 $aSomalia$xCultura e società$3UONC022412$2FI 620 $aIT$dRoma$3UONL000004 676 $a967.73$cSTORIA DELLA SOMALIA$v21 700 1$aCERULLI$bEnrico$3UONV007321$04394 712 $aCasa editrice italiana$3UONV252481$4650 801 $aIT$bSOL$c20250516$gRICA 899 $aSIBA - SISTEMA BIBLIOTECARIO DI ATENEO$2UONSI 912 $aUON00084336 950 $aSIBA - SISTEMA BIBLIOTECARIO DI ATENEO$dSI MISC XI 024 $eSI AA 23775 5 024 996 $aTesti somali. I. Canti e proverbi somali nel dialetto degli Habar Auwàl. II. Testi di diritto consuetudinario dei Somali Marrehan$91298218 997 $aUNIOR